| 000 -LEADER |
| fixed length control field |
00709nam a22002057a 4500 |
| 005 - DATE AND TIME OF LATEST TRANSACTION |
| control field |
20260108140904.0 |
| 008 - FIXED-LENGTH DATA ELEMENTS--GENERAL INFORMATION |
| fixed length control field |
260108b ||||| |||| 00| 0 eng d |
| 020 ## - INTERNATIONAL STANDARD BOOK NUMBER |
| International Standard Book Number |
9780349009322 |
| 040 ## - CATALOGING SOURCE |
| Transcribing agency |
KH8 |
| 082 ## - DEWEY DECIMAL CLASSIFICATION NUMBER |
| Classification number |
823.8 NES |
| 100 ## - MAIN ENTRY--PERSONAL NAME |
| Personal name |
NESBIT.E |
| Relator term |
AUTHOR |
| 245 ## - TITLE STATEMENT |
| Title |
THE RAILWAY CHILDREN |
| 260 ## - PUBLICATION, DISTRIBUTION, ETC. |
| Place of publication, distribution, etc. |
Carmelite House,50 Victoria Embankment, London EC4Y 0DZ |
| Name of publisher, distributor, etc. |
Little,Brown Book Group |
| 300 ## - PHYSICAL DESCRIPTION |
| Extent |
248 pages |
| Other physical details |
b illustration |
| Dimensions |
12cm x 19cm |
| 520 ## - SUMMARY, ETC. |
| Summary, etc. |
When their father is taken away by strangers, the lives of three children are altered forever. They move with their mother to a cottage by a railway. |
| 650 ## - SUBJECT ADDED ENTRY--TOPICAL TERM |
| Topical term or geographic name entry element |
Juvenile Literature |
| 655 ## - INDEX TERM--GENRE/FORM |
| Genre/form data or focus term |
Classic |
| 655 ## - INDEX TERM--GENRE/FORM |
| Genre/form data or focus term |
Humour |
| 942 ## - ADDED ENTRY ELEMENTS (KOHA) |
| Source of classification or shelving scheme |
|
| Koha item type |
Books - Fiction |